000 00222 a2200097 4500
001 48622
100 _aBoyd, A
245 _aThe soviet air force since 1918
260 _aLondon
_bMacdonald Jan's
_c
090 _c31549
_d31549
942 _aNUST-CAE
_cM
_c23946
999 _c283695
_d283695